|
|
|
|
| LEADER |
00000cam a2200000 a 4500 |
| 001 |
vtls008944214 |
| 003 |
SK-MaSNL |
| 005 |
20260331204853.0 |
| 008 |
200316s2003 xr ob g f 001 0 cze |
| 015 |
|
|
|a SNBA2017/11
|
| 020 |
|
|
|a 8090190294
|q (brož.)
|
| 035 |
|
|
|a urn:nbn:sk:snk-am00dhx7
|
| 035 |
|
|
|a urn:nbn:sk:snk-am3i2ur
|
| 035 |
|
|
|a D2BCE721-2B2E-43A0-BE61-1F67E0AA7C63
|
| 040 |
|
|
|a SNK
|b slo
|c SNK
|e AACR2
|
| 041 |
0 |
|
|a cze
|
| 043 |
|
|
|a e-xo---
|
| 044 |
|
|
|a xr
|c CZ
|
| 072 |
|
7 |
|a 913(4)
|x Geografia Európy, reálie, cestovanie
|2 konspekt
|
| 080 |
|
|
|a 796.61
|2 2001
|
| 080 |
|
|
|a 913(437.6)
|2 2001
|
| 080 |
|
|
|a 913(437.6-16)
|2 2001
|
| 080 |
|
|
|a (036)913
|2 2001
|
| 100 |
1 |
|
|a Brandos, Otakar,
|d 1969-
|4 pht
|4 bkd
|9 98591
|
| 245 |
1 |
0 |
|a Považský Inovec
|b turistický a cykloturistický průvodce
|c Otakar Brandos & Kamil Balaj
|
| 246 |
3 |
|
|a Strážovské a Súľovské vrchy
|
| 250 |
|
|
|a 1. vyd.
|
| 260 |
|
|
|a Vřešina
|b Nakladatelství SKY
|c 2003
|
| 300 |
|
|
|a 224 s.
|b fotogr., mp.
|c 15 cm
|
| 500 |
|
|
|a Názov v tiráži: Považský Inovec, Strážovské vrchy a Súľovské vrchy
|
| 504 |
|
|
|a Obsahuje register
|
| 650 |
0 |
7 |
|a cykloturistika
|2 SNKPH
|9 3264
|
| 651 |
|
7 |
|a Považský Inovec (Slovensko : pohorie)
|2 SNKPH
|9 69649
|
| 651 |
|
7 |
|a Strážovské vrchy (Slovensko : pohorie)
|2 SNKPH
|9 68108
|
| 651 |
|
7 |
|a Súľovské vrchy (Slovensko : pohorie)
|2 SNKPH
|9 79691
|
| 655 |
|
7 |
|a turistickí sprievodcovia (publikácie)
|2 SNKPH
|9 191298
|
| 700 |
1 |
|
|a Balaj, Kamil
|4 aut
|9 490945
|
| 919 |
|
|
|a 80-901902-9-4
|
| 958 |
|
|
|a NB
|
| 999 |
|
|
|c 1169947
|d 1171877
|
| 952 |
|
|
|a SNK
|b SNK
|y PREZ
|7 0
|p 17A0539816
|o snkSE 11325
|i snk2007/3780
|8 3
|g 8.46
|0 0
|1 0
|4 0
|d 2007-02-09
|f 1
|l 0
|r 2026-02-24 21:00:52
|w 2026-02-24
|
| 952 |
|
|
|a SNK
|b SNK
|y VYP
|7 0
|p 17A1124513
|o snkSE 11325 D1
|i snk2016/4763
|8 1
|0 0
|1 0
|4 0
|d 2016-02-19
|l 0
|r 2026-02-24 21:00:52
|w 2026-02-24
|